Panicle insect pests of sorghum and pearl millet /

Guardado en:
Autor Principal: Nwanze, K.F.
Otros Autores: Youm, O. (edición.)
Formato: Libro
Idioma:English
Materias:
Etiquetas: Agregar Etiqueta
Sin Etiquetas, Sea el primero en etiquetar este registro!
LEADER 00652nam a22002175a 4500
001 EEA.libagro005100
005 20181004125241.0
008 130809s1995####ii#a##########000#0#eng#d
020 |z 92-9066-285-9 
082 0 4 |a 633.17497 
082 0 4 |a 633.17197 
100 1 |a Nwanze, K.F. 
245 1 0 |a Panicle insect pests of sorghum and pearl millet /  |c K.F. Nwanze, O. Youm. 
300 |a 316 p. :  |b ilus. ;  |c 23,5 cm. 
653 |a Insectos daÑinos 
653 |a Insectos que atacan las semillas 
653 |a Control de insectos 
653 |a Sorgos 
653 |a Mijos 
700 1 |a Youm, O.  |e edición. 
859 |a AR-BbBCA  |b BIB. AGRONOMIA  |h 633.17497  |i N992  |p 1995/2371